Accommodating Protest (Record no. 9466)

MARC details
000 -LEADER
fixed length control field 00645nam a2200253 a 4500
020 ## - INTERNATIONAL STANDARD BOOK NUMBER
ISBN 0231813
082 00 - DEWEY DECIMAL CLASSIFICATION NUMBER
Classification number 305.420962
Author Cutter MAC
100 ## - MAIN ENTRY--AUTHOR NAME
Author name Macleod, Arlene Elowe
245 ## - TITLE STATEMENT
Title Accommodating Protest
260 ## - PUBLICATION, DISTRIBUTION, ETC. (IMPRINT)
Place of publication New York
Name of publisher Columbia University Press
Year of publication 1991
300 ## - PHYSICAL DESCRIPTION
Number of Pages 206p
500 ## - GENERAL NOTE
General note includes index and biblioraphy
505 2# - FORMATTED CONTENTS NOTE
Formatted contents note bibliography, index
650 ## - SUBJECT ADDED ENTRY--TOPICAL TERM
Topical Term Women-Egypt
650 ## - SUBJECT ADDED ENTRY--TOPICAL TERM
Topical Term Muslim Women
942 ## - ADDED ENTRY ELEMENTS (KOHA)
Koha item type Books
700 1# -
-- Macleod, Arlene Elowe
Holdings
Collection code Home library Current library Date acquired Cost, normal purchase price Full call number Accession Number Koha item type
  Henry Martyn Institute Library Henry Martyn Institute Library 03/23/2007 340.00 305.420962 MAC 016760 Books
                   Copyright © 2026 | Henry Martyn Institute | Hyderabad | TS-500052 | INDIA | Implemented by hmi.edu.in
Hit-Count:

Powered by Koha